Návrh, využitie a implementácia udržateľnej marketingovej komunikačnej stratégie pre ideálny priemyselný podnik

Trvalo udržateľná marketingová komunikačná stratégia podniku sa zameriava na zvyšovanie udržateľnej konkurencieschopnosti tým, že vytvára pozitívny obraz podniku založený na súčasných trendoch marketingovej komunikácie. Návrh konceptu udržateľnej marketingovej komunikačnej stratégie pre ideálny prie...

Descripción completa

Guardado en:
Detalles Bibliográficos
Autor principal: Šujaková, Monika
Otros Autores: Sakál, Peter
Formato: Capítulo de libro
Lenguaje:eslovaco
Materias:
Etiquetas: Agregar Etiqueta
Sin Etiquetas, Sea el primero en etiquetar este registro!

MARC

LEADER 00000naa a2200000 4500
001 0242915
005 20180516111306.5
041 0 |a slo 
044 |a SK 
245 1 0 |a Návrh, využitie a implementácia udržateľnej marketingovej komunikačnej stratégie pre ideálny priemyselný podnik  |c Monika Šujaková, Peter Sakál 
520 |a Trvalo udržateľná marketingová komunikačná stratégia podniku sa zameriava na zvyšovanie udržateľnej konkurencieschopnosti tým, že vytvára pozitívny obraz podniku založený na súčasných trendoch marketingovej komunikácie. Návrh konceptu udržateľnej marketingovej komunikačnej stratégie pre ideálny priemyselný podnik. 
610 2 0 |a komunikácia marketingová 
610 2 0 |a stratégia marketingová 
610 2 0 |a imidž 
610 2 0 |a podnik priemyselný 
100 1 |a Šujaková, Monika 
700 1 |a Sakál, Peter